000 00778cam a2200217 4500
008 090401t1991 xxu||||| |||| 00| 0 eng d
020 _a0906182565
035 _a(Sirsi) u18991
041 _aeng
050 _a690.24
110 _aBuilding Maintenance Information Ltd
_92307
245 4 _aThe economic significance of maintenance: maintenance expenditure 1979-1989
260 _aKingston upon Thames
_bBuilding Maintenance Information Ltd
_c1991
300 _a12p. ; 30cm.
350 _a0
490 _aSerial
_v198
520 _aThis item is part of a subscription service and cannot be photocopied, neither can any part of it be read out over the phone. Please contact BMI direct on 0171-222-7000 for details
650 _aBMI
942 _n0
948 _c04/03/1997
999 _c87640
_d87640